Language Quiz

Random Language or Letter Quiz

Begins and Ends with 'D' Quiz Stats

 Plays Quiz Updated Mar 31, 2016

Score 0/16 Timer 04:00
0 Plays Today
Hint Word % Correct
A fatherDad
94.1%
Deceased; departed; no longer livingDead
93.1%
A bomb that fails to explodeDud
81.3%
To transfer a file via a network, e.g. iTunesDownload
81%
A nearly pure, extremely hard form of carbon; a card suitDiamond
76.1%
An exploit or achievement, usually a commendable actDeed
73.2%
A sum of money paid to shareholders of a corporation out of earningsDividend
65.8%
Large, triangular muscle covering the joint of the shoulderDeltoid
62.5%
Hint Word % Correct
A person who is habitually or frequently inebriatedDrunkard
59.9%
Bruce Willis' John McClaneDiehard
50%
Another name for a Wiener DogDachshund
47.2%
Two roads did this in a yellow woodDiverged
46%
A member of an order of priests in ancient Gaul and BritainDruid
44.7%
A mythological being who is partly divine and partly humanDemigod
36.4%
Any tree or shrub of the genus CornusDogwood
22.6%
A tree nymph (Greek mythology)Dryad
21.8%

You're not logged in!

Compare scores with friends on all Sporcle quizzes.
OR
Log In

You Might Also Like...

Show Comments

Extras

Top Quizzes Today


Score Distribution

Your Account Isn't Verified!

In order to create a playlist on Sporcle, you need to verify the email address you used during registration. Go to your Sporcle Settings to finish the process.

Report this User

Report this user for behavior that violates our Community Guidelines.

Details: